Loading...
| Fine Arts - Auditory Fine Arts | 0 | 4 | 0 | 1 | 40 | 119 | 141.50 | 0 | 4 |
| Philosophy | 0 | 2 | 0 | 0 | 20 | 92 | 121.00 | 0 | 2 |
| History - Ancient History | 1 | 1 | 1 | 0 | 20 | 71 | 103.50 | 1 | 2 |
| Social Science | 0 | 2 | 1 | 0 | 15 | 134 | 136.50 | 1 | 2 |
| Literature - European Literature | 1 | 0 | 0 | 0 | 15 | 89 | 89.00 | 0 | 1 |
| Science - Biology | 0 | 1 | 0 | 1 | 10 | 136 | 136.00 | 0 | 1 |
| Science - Physics | 0 | 1 | 0 | 0 | 10 | 111 | 111.00 | 0 | 1 |
| Mythology | 0 | 1 | 0 | 0 | 10 | 102 | 102.00 | 1 | 1 |
| History - American History | 0 | 1 | 0 | 0 | 10 | 95 | 95.00 | 1 | 1 |
| Religion | 0 | 1 | 0 | 1 | 10 | 143 | 143.00 | 0 | 1 |
| Science - Other Science | 0 | 1 | 1 | 0 | 5 | 125 | 125.00 | 0 | 1 |
| Literature - World Literature | 0 | 0 | 0 | 0 | 0 | 0.00 | 0 | 0 | |
| History - World History | 0 | 1 | 2 | 0 | 0 | 130 | 130.00 | 0 | 1 |
| Literature - American Literature | 0 | 0 | 0 | 0 | 0 | 0.00 | 0 | 0 | |
| Current Events | 0 | 0 | 1 | 0 | -5 | 0.00 | 0 | 0 | |
| Fine Arts - Visual Fine Arts | 0 | 1 | 3 | 0 | -5 | 130 | 130.00 | 0 | 1 |